000 02032 a2200253 4500
001 2162214035925697
003 UA-OsUOA
005 20260304100727.0
008 250124b un ||||| |||| 00| 0 ukr d
020 _a9786176425519
040 _aUA-OsUOA
_bukr
_cUA-OsUOA
_dUA-OsUOA
041 _aukr
080 _a061.3:82.09
090 _a061.3:82.09
_bК82
110 _aНаціональна академія наук України
_bІнститут літератури імені Т. Г. Шевченка
_923352
245 _aКрізь століття твій голос лунає
_bзбірник матеріалів конференції до ювілею Віри Вовк
_cупоряд. Надія Гаврилюк
260 _c2021
_aДрогобич
_bКоло
300 _a200 с.
520 _aЗбірник присвячено ювілею Віри Вовк, лауреата Шевченківської премії в царині літератури (2008). Статті збірника за матеріалами конференції до ювілею Віри Вовк знайомлять із книжкою, архівною та мистецькою колекціями Віри Вовк у НаУКМА та висвітлюють окремі аспекти творчості мисткині: палітру мотивів її поезії, кореспонденцію художніх текстів із мистецьким оформленням, архетипи та інтертекстуальність у поемах, образи святих жінок і Богородиці, структурно-жанрові особливості поезій і збірок.
650 _2UDC
_a061.3 З'їзди. Симпозіум. Конгреси. Конференції. Асамблеї
_915
942 _cBK
_2udc
955 _a1
999 _c578018
_d578018